<?xml version="1.0" encoding="UTF-8"?>
<record
    xmlns:xsi="http://www.w3.org/2001/XMLSchema-instance"
    xsi:schemaLocation="http://www.loc.gov/MARC21/slim http://www.loc.gov/standards/marcxml/schema/MARC21slim.xsd"
    xmlns="http://www.loc.gov/MARC21/slim">

  <leader>00900na  a2200301   4500</leader>
  <controlfield tag="001">15823</controlfield>
  <controlfield tag="003">MIRAKIL</controlfield>
  <controlfield tag="005">20181213155146.0</controlfield>
  <controlfield tag="008">160924b        tu            000 0      </controlfield>
  <datafield tag="020" ind1=" " ind2=" ">
    <subfield code="a">9753736393</subfield>
  </datafield>
  <datafield tag="035" ind1=" " ind2=" ">
    <subfield code="a">15823</subfield>
  </datafield>
  <datafield tag="040" ind1=" " ind2=" ">
    <subfield code="a">Milas</subfield>
    <subfield code="b">tur</subfield>
    <subfield code="c">TR-AnCHP</subfield>
  </datafield>
  <datafield tag="082" ind1=" " ind2=" ">
    <subfield code="a">324.63</subfield>
    <subfield code="b">A43s 1999</subfield>
  </datafield>
  <datafield tag="090" ind1=" " ind2=" ">
    <subfield code="a">324.63 A43s 1999</subfield>
  </datafield>
  <datafield tag="100" ind1=" " ind2=" ">
    <subfield code="a">Aleskerov, Fuad</subfield>
    <subfield code="d">1951-</subfield>
  </datafield>
  <datafield tag="245" ind1=" " ind2=" ">
    <subfield code="a">Se&#xE7;imden koalisyona</subfield>
    <subfield code="b">Siyasal karar alma</subfield>
    <subfield code="c">Fuad Aleskerov, Hasan Ersel, Yavuz Sabuncu</subfield>
  </datafield>
  <datafield tag="260" ind1=" " ind2=" ">
    <subfield code="a">&#x130;stanbul</subfield>
    <subfield code="b">Yap&#x131; Kredi</subfield>
    <subfield code="c">1999</subfield>
  </datafield>
  <datafield tag="300" ind1=" " ind2=" ">
    <subfield code="a">260 s.</subfield>
    <subfield code="b">&#x15F;kl. , tbl.</subfield>
    <subfield code="c">21 sm.</subfield>
  </datafield>
  <datafield tag="490" ind1=" " ind2=" ">
    <subfield code="a">Cogito</subfield>
    <subfield code="v">84</subfield>
  </datafield>
  <datafield tag="504" ind1=" " ind2=" ">
    <subfield code="a">Kaynak&#xE7;a var.</subfield>
  </datafield>
  <datafield tag="650" ind1=" " ind2=" ">
    <subfield code="a">Se&#xE7;imler</subfield>
    <subfield code="x">Oy verme</subfield>
    <subfield code="y">Se&#xE7;men davran&#x131;&#x15F;&#x131;</subfield>
  </datafield>
  <datafield tag="650" ind1=" " ind2=" ">
    <subfield code="a">Siyaset bilimi</subfield>
    <subfield code="x">Karar verme</subfield>
  </datafield>
  <datafield tag="650" ind1=" " ind2=" ">
    <subfield code="a">H&#xFC;k&#xFC;met sistemleri</subfield>
    <subfield code="x">Koalisyon</subfield>
  </datafield>
  <datafield tag="650" ind1=" " ind2=" ">
    <subfield code="a">Siyasal partiler</subfield>
    <subfield code="x">Parti sistemleri</subfield>
  </datafield>
  <datafield tag="700" ind1=" " ind2=" ">
    <subfield code="a">Ersel, Hasan</subfield>
  </datafield>
  <datafield tag="700" ind1=" " ind2=" ">
    <subfield code="a">Sabuncu, Yavuz</subfield>
  </datafield>
  <datafield tag="942" ind1=" " ind2=" ">
    <subfield code="2">ddc</subfield>
    <subfield code="c">BKS</subfield>
  </datafield>
  <datafield tag="952" ind1=" " ind2=" ">
    <subfield code="a">0001</subfield>
    <subfield code="b">0001</subfield>
    <subfield code="d">2016-09-24</subfield>
    <subfield code="e">2</subfield>
    <subfield code="l">0</subfield>
    <subfield code="o">324.63 A43s 1999</subfield>
    <subfield code="p">004156</subfield>
    <subfield code="r">2016-09-24 00:00:00</subfield>
    <subfield code="v">0.00</subfield>
    <subfield code="w">2016-09-24</subfield>
    <subfield code="y">BKS</subfield>
  </datafield>
  <datafield tag="952" ind1=" " ind2=" ">
    <subfield code="a">0001</subfield>
    <subfield code="b">0001</subfield>
    <subfield code="d">2016-11-24</subfield>
    <subfield code="e">2</subfield>
    <subfield code="l">0</subfield>
    <subfield code="o">324.63 A43s 1999</subfield>
    <subfield code="p">006133</subfield>
    <subfield code="r">2016-11-24 00:00:00</subfield>
    <subfield code="t">k.2</subfield>
    <subfield code="v">0.00</subfield>
    <subfield code="w">2016-11-24</subfield>
    <subfield code="y">BKS</subfield>
  </datafield>
  <datafield tag="999" ind1=" " ind2=" ">
    <subfield code="c">7657</subfield>
    <subfield code="d">7657</subfield>
  </datafield>
</record>
